Marine Mammals - Statistics

General Stats
  • This quiz has been taken 175 times
  • The average score is 8 of 12
Answer Stats
Answer % Correct
Whale
100%
Dolphin
97%
Seal
92%
Sea Lion
77%
Walrus
72%
Sea Otter/Marine Otter
69%
Manatee
67%
Killer Whale/Orca
65%
Dugong
51%
Narwhal
50%
Polar Bear
46%
Beluga Whale
13%
No matching quizzes found
Score Distribution
Percent of People with Each Score
Percentile by Number Answered
Your Score History
You have not taken this quiz